书目信息 |
| 题名: |
电子技术基础实验教程
|
|
| 作者: | 廉玉欣 主编 | |
| 分册: | ||
| 出版信息: | 北京 机械工业出版社 2017.6 |
|
| 页数: | 261页 | |
| 开本: | 26cm | |
| 丛书名: | ||
| 单 册: | ||
| 中图分类: | TN01-33 | |
| 科图分类: | ||
| 主题词: | 电子技术--实验--高等教育--教材 | |
| 电子资源: | ||
| ISBN: | 978-7-111-40961-8 | |
| 000 | 00918nam0 2200253 450 | |
| 001 | 0400001906 | |
| 005 | 20171025165321.20 | |
| 010 | @a978-7-111-40961-8@dCNY38.00 | |
| 100 | @a20130407d2017 em y0chiy50 ea | |
| 101 | 0 | @achi |
| 102 | @aCN@b110000 | |
| 105 | @aa z 000yy | |
| 106 | @ar | |
| 200 | 1 | @a电子技术基础实验教程@9dian zi ji shu ji chu shi yan jiao cheng@f廉玉欣主编 |
| 205 | @a第2版 | |
| 210 | @a北京@c机械工业出版社@d2017.6 | |
| 215 | @a261页@c图@d26cm | |
| 300 | @a电工电子实验课程系列教材 普通高等教育“十二五”规划教材 | |
| 330 | @a本书内容包括:电子技术实验的基础知识、常用电子仪器的使用方法、模拟电路基础型实验、数字电路基础型实验、电子电路设计型实验、印制电路板工艺、安装与焊接工艺、常用电子元器件。 | |
| 606 | 0 | @a电子技术@x实验@x高等教育@j教材 |
| 690 | @aTN01-33@v5 | |
| 701 | 0 | @a廉玉欣@9lian yu xin@4主编 |
| 801 | 0 | @aCN@b91MARC@c20171019 |
| 905 | @b1030960-4@dTN01-33@f5@e139=2 | |
| 电子技术基础实验教程/廉玉欣主编.-第2版.-北京:机械工业出版社,2017.6 |
| 261页:图;26cm |
| 电工电子实验课程系列教材 普通高等教育“十二五”规划教材 |
| ISBN 978-7-111-40961-8:CNY38.00 |
| 本书内容包括:电子技术实验的基础知识、常用电子仪器的使用方法、模拟电路基础型实验、数字电路基础型实验、电子电路设计型实验、印制电路板工艺、安装与焊接工艺、常用电子元器件。 |
| ● |
| 相关链接 |
|
|
|
|
正题名:电子技术基础实验教程
索取号:TN01-33/139=2
 
预约/预借
| 序号 | 登录号 | 条形码 | 馆藏地/架位号 | 状态 | 备注 |
| 1 | 1030960 | 210309600 | 第二样本阅览室/ [索取号:TN01-33/139=2] | 在馆 | |
| 2 | 1030961 | 210309619 | 密集书库-物理学院/ [索取号:TN01-33/139=2] | 在馆 | |
| 3 | 1030962 | 210309628 | 第三借阅区/ [索取号:TN01-33/139=2] | 在馆 | |
| 4 | 1030963 | 210309637 | 第三借阅区/ [索取号:TN01-33/139=2] | 在馆 | |
| 5 | 1030964 | 210309646 | 第三借阅区/ [索取号:TN01-33/139=2] | 在馆 |